000 01135nam a2200253Ia 4500
003 Ost
005 20260507075216.0
008 260507s9999||||xx |||||||||||||| ||und||
040 _cfsecg
041 _aara
082 _a330
100 _aالعساف، احمد عارف
_eمؤلف
245 0 _a اقتصاديات الوطن العربي /
_c احمد عارف العساف
260 _aعمان:
_bدار المسيرة,
_c2010
300 _a368 صفحة؛
_bإيضاحات ؛
_c24 سم
504 _aمراجع ص.364 ؛ ملاحق ص.321
520 _aدراسة الموارد البشرية و الاقتصادية في قطاع الزراعة، الصناعة، السياحة، التجارة في الوطن العربي مع البحث و التطوير التكنولوجي والتكامل الاقتصادي العربي.
653 _aالاقتصاد
653 _aالإقتصاد- البلدان العربية
653 _aالتكامل الإقتصادي
653 _aالتنمية الاقتصادية
700 _aالوادي، محمود حسين
_eمؤلف ثانوي
942 _cكتاب
999 _c43496
_d43496